| 000 | 01240nam a2200349 c 4500 | ||
|---|---|---|---|
| 001 | 18200 | ||
| 003 | ES-MaCES | ||
| 005 | 20141221122527.0 | ||
| 008 | 051116s2005 sp d t o000 | spa d | ||
| 017 |
_aM 42618-2005 _bDL |
||
| 024 | 7 |
_a351-05-029-1 _2nipo |
|
| 035 | _aCES20050013251m | ||
| 040 |
_aES-MaCES _bspa _cES-MaCES |
||
| 110 | 1 |
_aEspaña _bDelegación del Gobierno para el Plan Nacional sobre Drogas _92763 |
|
| 245 | 1 | 0 |
_aPlan Nacional sobre Drogas _b: memoria 2003 _c[Delegación del Gobierno para el Plan Nacional sobre Drogas] |
| 260 |
_a[Madrid] _bMinisterio de Sanidad y Consumo, Centro de Publicaciones _c[2005] |
||
| 300 |
_a322 p. _bgráf. col. _c30 cm |
||
| 541 | _cGratuito | ||
| 650 | 4 |
_adroga _928707 |
|
| 650 | 4 |
_auso indebido de drogas _927048 |
|
| 650 | 4 |
_amemoria anual _928977 |
|
| 650 | 4 |
_ainforme de actividades _928984 |
|
| 650 | 4 |
_aEspaña _926964 |
|
| 650 | 4 |
_a2003 _931178 |
|
| 653 | 1 | 0 | _aAsuntos Sociales |
| 710 | 1 |
_aEspaña _bMinisterio de Sanidad y Consumo _eed. _93269 |
|
| 787 | 0 |
_tPlan Nacional sobre Drogas _w(ES-MaCES)19537 |
|
| 787 | 0 |
_tPlan Nacional sobre Drogas _w(ES-MaCES)15671 |
|
| 902 | _aLIB Libro | ||
| 942 |
_2CES _cBK _h3.3. |
||
| 999 |
_c18200 _d18200 |
||